| 000 | 00517nam a22001697a 4500 | ||
|---|---|---|---|
| 005 | 20251108173007.0 | ||
| 008 | 250721s2003 xx 000 0 ara d | ||
| 082 | 1 | 4 | _a216.922 /عبي |
| 100 | 1 | _aابو عبيدة، عبد الرحمن منصور | |
| 245 | 1 | 0 | _aالطريق الى الغنى و توسعة الأرزاق / |
| 264 | 1 |
_aالقاهرة : _bدار الفجر للتراث، _c2003. |
|
| 300 | _a104 ص | ||
| 650 | 1 | 7 | _aالغنى |
| 650 | 1 | 7 | _aالأيمان |
| 942 |
_2ddc _cBK |
||
| 999 |
_c93604 _d93604 |
||